| 000 | 01139nam a2200277Ia 4500 | ||
|---|---|---|---|
| 003 | OSt | ||
| 005 | 20221005104852.0 | ||
| 006 | a|||||r|||| 00| 0 | ||
| 007 | ta | ||
| 008 | 221004b |||||||| |||| 00| 0 hin d | ||
| 020 |
_a9788177213621 (hbk) _cINR 250.00 |
||
| 024 | _a64673 | ||
| 037 |
_bGV727, 11/03/2020, Vani Prakashan _cTextual |
||
| 040 |
_aCRL _cCRL _bhin |
||
| 041 |
_2hin _ahin |
||
| 082 | _aR65,6:g, 152Q8 | ||
| 100 | _aश्री विश्वनाथ, ले. | ||
| 245 | 0 |
_aभगवद्गीता के रहस्य _b विश्व के महानतम सत्य का अन्वेषण |
|
| 246 | _aBhagavadgītā ke rahasya: vishva ke mahānatam satya kā anveṣhaṇa | ||
| 260 |
_aदिल्ली _bसत्साहित्य प्रकाशन भारत _c2018 |
||
| 300 |
_a135पृ0 _ccm. |
||
| 650 | _a दर्शनशास्त्र | ||
| 650 | _aभगवत् गीता | ||
| 942 |
_hR65,6:g, 152Q8 _cTEXL _2cc |
||
| 999 |
_c1014031 _d1014031 |
||